书目信息 |
| 题名: |
化工产品手册
|
|
| 作者: | 张林栋 , 王军 , 于令梅 编 | |
| 分册: | 橡塑助剂 | |
| 出版信息: | 北京 化学工业出版社 2016.1 |
|
| 页数: | 626页 | |
| 开本: | 21cm | |
| 丛书名: | ||
| 单 册: | ||
| 中图分类: | TQ072-62 , TQ330.38-62 , TQ320.4-62 | |
| 科图分类: | ||
| 主题词: | 化工产品--手册 , 橡胶助剂--手册 , 塑料助剂--手册 | |
| 电子资源: | ||
| ISBN: | 978-7-122-25262-3 | |
| 000 | 01043nam0 2200325 450 | |
| 001 | 0400002964 | |
| 005 | 20171025151600.07 | |
| 010 | @a978-7-122-25262-3@dCNY88.00 | |
| 100 | @a20160202e2016 em y0chiy50 ea | |
| 101 | 0 | @achi |
| 102 | @aCN@b110000 | |
| 105 | @ay z 001yy | |
| 106 | @ar | |
| 200 | 1 | @a化工产品手册@9hua gong chan pin shou ce@i橡塑助剂@b专著@f张林栋,王军,于令梅编 |
| 205 | @a第6版 | |
| 210 | @a北京@c化学工业出版社@d2016.1 | |
| 215 | @a626页@d21cm | |
| 304 | @a英文共同题名:Handbook of chemical products | |
| 330 | @a本书共收集700余种塑料、橡胶合成、加工、应用助剂。主要介绍了助剂相关的物化性质、质量标准、用途、制法、安全性等方面的信息。 | |
| 606 | 0 | @a化工产品@j手册 |
| 606 | 0 | @a橡胶助剂@j手册 |
| 606 | 0 | @a塑料助剂@j手册 |
| 690 | @aTQ072-62@v5 | |
| 690 | @aTQ330.38-62@v5 | |
| 690 | @aTQ320.4-62@v5 | |
| 701 | 0 | @a张林栋@9zhang lin dong@4编 |
| 701 | 0 | @a王军@9wang jun@4编 |
| 701 | 0 | @a于令梅@9yu ling mei@4编 |
| 801 | 0 | @aCN@b91MARC@c20171021 |
| 905 | @b1021443-7@dTQ072-62@f5@e397=6 | |
| 化工产品手册.橡塑助剂/张林栋,王军,于令梅编.-第6版.-北京:化学工业出版社,2016.1 |
| 626页;21cm |
| ISBN 978-7-122-25262-3:CNY88.00 |
| 本书共收集700余种塑料、橡胶合成、加工、应用助剂。主要介绍了助剂相关的物化性质、质量标准、用途、制法、安全性等方面的信息。 |
| ● |
| 相关链接 |
|
|
|
|
正题名:化工产品手册
索取号:TQ072-62/397=6
 
预约/预借
| 序号 | 登录号 | 条形码 | 馆藏地/架位号 | 状态 | 备注 |
| 1 | 1021443 | 210214436 | 第二样本阅览室/ [索取号:TQ072-62/397=6] | 在馆 | |
| 2 | 1021444 | 210214445 | 化学系资料室/ [索取号:TQ072-62/397=6] | 在馆 | |
| 3 | 1021445 | 210214454 | 第三借阅区/ [索取号:TQ072-62/397=6] | 在馆 | |
| 4 | 1021446 | 210214463 | 第三借阅区/ [索取号:TQ072-62/397=6] | 在馆 | |
| 5 | 1021447 | 210214472 | 第三借阅区/ [索取号:TQ072-62/397=6] | 在馆 |